• 首页
  • 本馆介绍
  • 公告通知
  • 最新文献
  • 馆藏检索
  • 电子资源
  • 读者导购
  • 参考咨询
  • 我的图书馆
  • 登录
  • 详细信息显示
  • 放入我的书架
  • 预约/预借图书
  • 作者相关作品
  • 分类相关作品
  • 丛书相关作品
  • 出版社相关作品

书目信息

  • 表格格式
  • 工作单格式
  • 卡片格式
题名:
毛泽东传
    
 
作者: 金冲及 主编 ;中共中央文献研究室 编
分册: 下  
出版信息: 北京   中央文献出版社  1996
页数: 2册(947页)
开本: 20cm
丛书名:
单 册:
中图分类: A751
科图分类:
主题词:
电子资源:
ISBN: 7-5073-0331-4
000 00833nam0 2200253 450
001 0100573663
005 20111201164436.0
010    @a7-5073-0331-4@dCNY22.50
010    @a7-5073-0332-2@b精装@dCNY58
011    @a7-5073-0331-4
100    @a20021005e19961996em y0chiy0110 ea
101 0  @achi
102    @aCN@b110000
105    @af z 000yb
106    @ar
200 1  @a毛泽东传@9Mao Ze Dong Chuan;Zhuan @e1893-1949@f金冲及主编@g中共中央文献研究室编@b专著@h下
210    @a北京@c中央文献出版社@d1996@h1996重印
215    @a2册(947页)@c照片@d20cm
600  0 @a毛泽东@f(1893-1976)@x传记@z1893-1949
690    @aA751@v3
701  0 @a金冲及@f(1930~)@9jin chong ji@4主编
712 02 @a中共中央文献研究室@9zhong gong zhong yang wen xian yan jiu shi@4编
801  0 @aCN@bAiZhiMarc@c19970508
905    @aBZT@dA751@e5:2@f1@sA751/5:2
    
    毛泽东传:1893-1949/金冲及主编/中共中央文献研究室编.下.-北京:中央文献出版社,1996(1996重印)
    2册(947页):照片;20cm
    
    
    ISBN 7-5073-0331-4:CNY22.50
    
●
相关链接 在五车中查询图书 在当当中查询图书 在豆瓣中查询图书


正题名:毛泽东传     索取号:A751/5:2         预约/预借

序号 登录号 条形码 馆藏地/架位号 状态 备注
1 2000103573   2000103573   旧书回溯/ [索取号:A751/5:2] 在馆    
山东省滨州职业学院图书馆 欢迎您!
大连网信软件有限公司© 版权所有